Normal view
MARC view
- DE-COMP-33
Entry Topical Term
001 - CONTROL NUMBER
- control field: 71622
003 - CONTROL NUMBER IDENTIFIER
- control field: NUST
005 - DATE AND TIME OF LATEST TRANSACTION
- control field: 20210628204645.0
008 - FIXED-LENGTH DATA ELEMENTS
- fixed length control field: 210628|| aca||aabn | a|a d
040 ## - CATALOGING SOURCE
- Original cataloging agency: NUST
- Transcribing agency: NUST
150 ## - HEADING--TOPICAL TERM
- Topical term or geographic name entry element: DE-COMP-33
670 ## - SOURCE DATA FOUND
- Source citation: Work cat.: (NUST): HADIA TANVIR, REIDA IQBAL 71621, PR-SOF-1475-PROCESSING OF EEG SIGNALS FOR REHABILITATION OF STROKE PATIENTS AND IT's APPLICATIONS ON PROTABLE DEVICES, 2015
